000 00608nam a22002177a 4500
003 UA-OsUOA
001 91830
007 ta
008 20121205b un ||||| |||| 00| 0 ukr d
090 _a821.161.2
_bУ45
942 _cBK
040 _aUA-OsUOA
_brus
_cUA-OsUOA
_dUA-OsUOA
245 _aУкраинские рассказы
_bРед. Гоффеншефер
300 _a459 с.
955 _a3
041 _arus
080 _a821.161.2
260 _aМ.
_bСоветский писатель
_c1951
650 7 _a82 Література. Літературознавство
_2UDC
999 _c378083
_d378083